ITEM Club: economic update (Record no. 73385)
[ view plain ]
| 000 -LEADER | |
|---|---|
| fixed length control field | 01133cam a2200205 4500 |
| 001 - CONTROL NUMBER | |
| control field | WB3934-08 |
| 008 - FIXED-LENGTH DATA ELEMENTS--GENERAL INFORMATION | |
| fixed length control field | 030911n2003 000 0 eng u |
| 035 ## - SYSTEM CONTROL NUMBER | |
| System control number | (Sirsi) u123553 |
| 245 ## - TITLE STATEMENT | |
| Title | ITEM Club: economic update |
| 260 ## - PUBLICATION, DISTRIBUTION, ETC. | |
| Date of publication, distribution, etc. | 2003 |
| 490 ## - SERIES STATEMENT | |
| Series statement | ITEM Club economic update |
| Volume/sequential designation | 8 September 2003, (5) |
| 520 ## - SUMMARY, ETC. | |
| Summary, etc. | Ernst and Young's ITEM Club looks at deflation. Using the HM Treasury model to analyse the implications of a GDP growth at 0.8% over the next few years. The results indicate that house prices could fall by 10% next year and by 15% in 2005 and 2006, this would mean an explosion in households with negative equity. ITEM Club attaches very low probability to such a scenario. For the news release: http://www.ey.com/global/Content.nsf/UK/Media_-_03_09_08_DC_deflation_a_real_risk. For the Item Club economic update: http://www.ey.com/global/download.nsf/UK/Economic_Outlook_for_Business_-_update_09_03/$file/Economic_Update_September_2003.pdf |
| 590 ## - LOCAL NOTE (RLIN) | |
| Local note | WB |
| 650 ## - SUBJECT ADDED ENTRY--TOPICAL TERM | |
| Topical term or geographic name entry element | ECONOMICS |
| 650 ## - SUBJECT ADDED ENTRY--TOPICAL TERM | |
| Topical term or geographic name entry element | DEFLATION |
| 650 ## - SUBJECT ADDED ENTRY--TOPICAL TERM | |
| Topical term or geographic name entry element | NEGATIVE EQUITY |
| 650 ## - SUBJECT ADDED ENTRY--TOPICAL TERM | |
| Topical term or geographic name entry element | HOUSE PRICES |
| 690 ## - LOCAL SUBJECT ADDED ENTRY--TOPICAL TERM (OCLC, RLIN) | |
| Topical term or geographic name as entry element | ECONOMIC ISSUES |
| 942 ## - ADDED ENTRY ELEMENTS (KOHA) | |
| Suppress in OPAC | 0 |
| Withdrawn status | Lost status | Source of classification or shelving scheme | Damaged status | Not for loan | Home library | Current library | Shelving location | Date acquired | Total Checkouts | Full call number | Barcode | Date last seen | Copy number | Price effective from | Koha item type |
|---|---|---|---|---|---|---|---|---|---|---|---|---|---|---|---|
| Dewey Decimal Classification | London | London | News article | 11/09/2003 | WB3934-08 | 123553-1001 | 06/08/2019 | 1 | 06/08/2019 | News article |